I novissimi: poesie per gli anni 60
Tallennettuna:
| Päätekijä: | |
|---|---|
| Aineistotyyppi: | Kirja |
| Kieli: | italia |
| Julkaistu: |
Milán
Rusconi e Paolazzi
1961
|
| Sarja: | Biblioteca del Verri
|
| Aiheet: | |
| Tagit: |
Lisää tagi
Ei tageja, Lisää ensimmäinen tagi!
|
MARC
| LEADER | 00000nam a2200000 a 4500 | ||
|---|---|---|---|
| 001 | UCV8907 | ||
| 003 | CL-VaPUC | ||
| 008 | 920303e19610000IT |||||||||||||||||ita|d | ||
| 082 | 0 | 4 | |a 851 |b PAG |2 21 |
| 100 | |a Pagliarani, Elio |e autore |9 302888 | ||
| 245 | 1 | 2 | |a I novissimi: poesie per gli anni 60 |
| 300 | |a 195 p | ||
| 942 | |c BK | ||
| 945 | |d 19920303 00:00:00 | ||
| 260 | |a Milán |b Rusconi e Paolazzi |c 1961 | ||
| 650 | 0 | |a Poesías italianas |9 265352 | |
| 583 | |a last modification |c 19920303 00:00:00 |k Rodrigo Vera | ||
| 490 | 0 | |a Biblioteca del Verri | |
| 999 | |c 214325 |d 214323 | ||
| 952 | |0 0 |1 0 |4 0 |6 851_000000000000000_PAG_1961 |7 0 |8 P |9 197569 |a BIBARQ |b BIBARQ |d 2019-11-14 |i 2652382 |o 851 PAG 1961 |p 2652382 |r 2025-01-20 |w 2019-11-14 |y BK |k ARQ | ||